| 000 | 00572nam a2200205Ia 4500 | ||
|---|---|---|---|
| 008 | 180207s9999 xx 000 0 und d | ||
| 020 | _a9789715907019 | ||
| 050 | _bF192 2009 | ||
| 100 | _aFalkenhain, John Mark | ||
| 245 | _aI don't want to go to church! : | ||
| 245 | _bturning the struggle into a celebration / | ||
| 245 | _cby John Mark Falkenhain ; illustrated by R. W. Alley. | ||
| 260 | _aUSA : | ||
| 260 | _bOne Caring Place, | ||
| 260 | _c2009 | ||
| 300 | _aunpaged : | ||
| 300 | _bchiefly colored ; | ||
| 300 | _c21cm. | ||
| 440 | _aPhonics readers. | ||
| 999 |
_c355574 _d355574 |
||